Digital Signal Processing: principles, alogrithms and applications (Record no. 9646)

000 -LEADER
fixed length control field 00502 a2200169 4500
020 ## - INTERNATIONAL STANDARD BOOK NUMBER
International Standard Book Number 8131710009
040 ## - CATALOGING SOURCE
Original cataloging agency DLC
Language of cataloging DLC
082 ## - DEWEY DECIMAL CLASSIFICATION NUMBER
Classification number 621.3822 PRO
100 ## - MAIN ENTRY--PERSONAL NAME
Personal name Proakis, John G.
245 ## - TITLE STATEMENT
Title Digital Signal Processing: principles, alogrithms and applications
Statement of responsibility, etc. John G. Proakis, Manolakis, Dimitris G.
250 ## - EDITION STATEMENT
Edition statement 4th
260 ## - PUBLICATION, DISTRIBUTION, ETC.
Place of publication, distribution, etc. India
Name of publisher, distributor, etc. Prentice Hall
Date of publication, distribution, etc. 2008
300 ## - PHYSICAL DESCRIPTION
Extent 1136 p
500 ## - GENERAL NOTE
General note Includes Index
650 ## - SUBJECT ADDED ENTRY--TOPICAL TERM
Topical term or geographic name entry element Signal processing --Digital techniques.
942 ## - ADDED ENTRY ELEMENTS (KOHA)
Koha item type Book
Call number prefix 621.3822 PRO
Source of classification or shelving scheme
Holdings
Withdrawn status Lost status Damaged status Not for loan Collection code Permanent Location Current Location Shelving location Date acquired Source of acquisition Cost, normal purchase price Total Checkouts Full call number Barcode Date last seen Date last checked out Price effective from Koha item type Total Renewals Checked out
          Central Library (CL) Central Library (CL) General Stacks 10/16/2009 Star Books 432.00 1 621.3822 PRO SEECS009693 01/08/2016 01/08/2016 01/05/2017 Book    
          Central Library (CL) Central Library (CL) General Stacks 06/01/2007 Allied Book Company 337.50   621.3822 PRO SEECS008541 11/14/2012   01/05/2017 Book    
          Central Library (CL) Central Library (CL) General Stacks 10/12/2010 Allied Book Company 420.00 1 621.3822 PRO SEECS010227 06/13/2019 11/30/2014 01/05/2017 Book    
          Central Library (CL) Central Library (CL) General Stacks 10/12/2010 Allied Book Company 420.00 4 621.3822 PRO SEECS010228 05/06/2023 02/01/2016 01/05/2017 Book 2  
          Central Library (CL) Central Library (CL) General Stacks 11/29/2010 Allied Book Company 420.00 5 621.3822 PRO SEECS010410 07/28/2016 01/27/2016 01/05/2017 Book 3  
          Central Library (CL) Central Library (CL) General Stacks 02/17/2015 Golden Books 720.00 6 621.3822 PRO SEECS013266 05/08/2026 05/08/2026 02/15/2015 Book 3 06/07/2026
© 2023 Central Library, National University of Sciences and Technology. All Rights Reserved.